000 00704cam a22002052 4500
001 0000008742
005 20151217155216.0
008 080523s xx 000 0 eng d
020 _cKES 900
040 _aKABU
_cKABU
110 2 _aStrathmore University.
_bDistance Learning Centre.
_@0000150769
245 1 0 _aElements of law :
_bsubject no. 5 revision kit /
_cStrathmore University.
260 _aNairobi :
_bStrathmore University Press,
_c[2007]
300 _axvii, 259 p.
650 0 _aLaw
_cKenya
_xExaminations, questions, etc.
_@0000159443
908 _a080523
950 _@1
999 _c12009
_d12009